000 00717nam a2200193 i 4500
001 113742
003 ES-MaACL
005 20230906190008.0
007 t|
008 061121s1950 dr a |||| | spa d
100 1 _aPalm, Erwin Walter.
_988604
245 1 4 _aLos hospitales antiguos de la Española /
_cpor Erwin Walter Palm.
250 _aEd. rev. y aum.
260 _aCiudad Trujillo (República Dominicana) :
_bSecretaría de Estado de Sanidad y Asistencia Pública,
_c1950.
300 _a57 p. :
_bil. ;
_c29 cm.
650 4 _aHospitales-
_zLa Española-
_vHistoria.
_9169303
710 1 _aRepública Dominicana.
_bSecretaría de Estado de Sanidad y Asistencia Pública.
_96423
852 _aES-MaACL
_j1943-F-4
999 _c113742
_d113742